000 00766nam a2200265Ia 4500
003 OSt
005 20220918164804.0
006 a|||||r|||| 00| 0
007 ta
008 220917b |||||||| |||| 00| 0 eng d
020 _a0761917756 (pbk)
024 _a170,164
037 _cTextual
040 _aARTS
_cARTS
_beng
041 _2eng
_aeng
082 _aX:87, N9
100 _aHuseman Richard C.
_920781
245 0 _aLeading with knowledge
_b the nature of competition in the 21st century
260 _aThousand
_bOaks Sage Publications
_c1999
300 _axviii, 254p.
_ccm.
650 _aECONOMICS
700 _a Goodman Jon P.
_920782
942 _hX:87, N9
_cTEXL
_2CC
999 _c126615
_d126615